Online katalóg knižníc regiónu Turca

Tragédia človeka (Record no. 20453)

MARC details
000 -LEADER
fixed length control field 01895cam a2200517 a 4500
001 - CONTROL NUMBER
control field 20453
003 - CONTROL NUMBER IDENTIFIER
control field VRT
005 - DATE AND TIME OF LATEST TRANSACTION
control field 20260122142334.0
008 - FIXED-LENGTH DATA ELEMENTS--GENERAL INFORMATION
fixed length control field 240226s1999 xo gr 000 d slo
015 ## - NATIONAL BIBLIOGRAPHY NUMBER
National bibliography number SNBA2004/03-02111
020 ## - INTERNATIONAL STANDARD BOOK NUMBER
International Standard Book Number 8088834597
035 ## - SYSTEM CONTROL NUMBER
System control number SNK000406361
035 ## - SYSTEM CONTROL NUMBER
System control number urn:nbn:sk:snk-am3iwjc
035 ## - SYSTEM CONTROL NUMBER
System control number B3AA4B1D-A179-4380-B9D9-9DF680C9F3E8
035 ## - SYSTEM CONTROL NUMBER
System control number urn:nbn:sk:snk-am00g5x1
039 #9 - LEVEL OF BIBLIOGRAPHIC CONTROL AND CODING DETAIL [OBSOLETE]
Level of rules in bibliographic description 202510181238
Level of effort used to assign nonsubject heading access points csnk01
Level of effort used to assign subject headings 202402262034
Level of effort used to assign classification VLOAD
Level of effort used to assign subject headings 202205120806
Level of effort used to assign classification VLOAD
Level of effort used to assign subject headings 202201070905
Level of effort used to assign classification VLOAD
040 ## - CATALOGING SOURCE
Original cataloging agency SNK
Language of cataloging slo
Transcribing agency SNK
Description conventions AACR2
041 1# - LANGUAGE CODE
Language code of text/sound track or separate title slo
Language code of original hun
044 ## - COUNTRY OF PUBLISHING/PRODUCING ENTITY CODE
MARC country code xo
ISO country code SK
072 #7 - SUBJECT CATEGORY CODE
Subject category code 821.511.1
Subject category code subdivision Ugrofínske literatúry
Source konspekt
080 ## - UNIVERSAL DECIMAL CLASSIFICATION NUMBER
Universal Decimal Classification number 821.511.141-2
Edition identifier 2011
080 ## - UNIVERSAL DECIMAL CLASSIFICATION NUMBER
Universal Decimal Classification number (0:82-2)
Edition identifier 2011
100 1# - MAIN ENTRY--PERSONAL NAME
Personal name Madách, Imre,
Dates associated with a name 1823-1864
Relationship aut
245 10 - TITLE STATEMENT
Title Tragédia človeka
Remainder of title 1862
Statement of responsibility, etc. Imre Madách ; preložil: Ctibor Štítnický
250 ## - EDITION STATEMENT
Edition statement [1. vydanie]
260 ## - PUBLICATION, DISTRIBUTION, ETC.
Place of publication, distribution, etc. Rohovce
Name of publisher, distributor, etc. Interpopulart Slovakia
Date of publication, distribution, etc. [1999]
300 ## - PHYSICAL DESCRIPTION
Extent 129 strán
Dimensions 21 cm
490 1# - SERIES STATEMENT
Series statement Populart. Romantická dráma
490 1# - SERIES STATEMENT
Series statement Študentská knižnica
Volume/sequential designation 60
500 ## - GENERAL NOTE
General note Preložené z maďarčiny
655 #7 - INDEX TERM--GENRE/FORM
Genre/form data or focus term maďarské drámy
Source of term SNKPH
655 #7 - INDEX TERM--GENRE/FORM
Genre/form data or focus term divadelné hry
Source of term SNKPH
655 #7 - INDEX TERM--GENRE/FORM
Genre/form data or focus term Hungarian drama
Source of term SNKPHeng
655 #7 - INDEX TERM--GENRE/FORM
Genre/form data or focus term Theatre plays
Source of term SNKPHeng
700 1# - ADDED ENTRY--PERSONAL NAME
Personal name Štítnický, Ctibor,
Dates associated with a name 1922-2002
Relationship trl
830 #0 - SERIES ADDED ENTRY--UNIFORM TITLE
Uniform title Populart
Name of part/section of a work Romantická dráma
830 #0 - SERIES ADDED ENTRY--UNIFORM TITLE
Uniform title Študentská knižnica
942 ## - ADDED ENTRY ELEMENTS (KOHA)
Source of classification or shelving scheme Dewey Decimal Classification
Koha item type Krásna literatúra pre dospelých
Suppress in OPAC No
949 ## - LOCAL PROCESSING INFORMATION (OCLC)
6 3912002987
a knkjsdo/B
b knkjs2008/260570
949 ## - LOCAL PROCESSING INFORMATION (OCLC)
6 3912002988
a knkjsdo/B
b knkjs2008/245187
949 ## - LOCAL PROCESSING INFORMATION (OCLC)
6 270001000066141
a svkbbA 94681
p 613.248
949 ## - LOCAL PROCESSING INFORMATION (OCLC)
6 270001000066142
a svkbbA 94681
p 612.594
949 ## - LOCAL PROCESSING INFORMATION (OCLC)
6 270001000066143
a svkbbA 94681
p 612.593
949 ## - LOCAL PROCESSING INFORMATION (OCLC)
6 17A0378270
9 P60, <03>, [BOOK], {603}
a snkSC 111116
b snkKSP 4087/2003
s 6100:20210419
949 ## - LOCAL PROCESSING INFORMATION (OCLC)
6 3830001112447
a kurukT20/MADA1-4
b kuruk2016/F5572
o D2016/študentka SJ/október 2014
Holdings
Stav vyradenia Strata Poškodenie Spôsob nadobudnutia Domovská knižnica Aktuálna knižnica Dátum nadobudnutia Total checkouts Čiarový kód exemplára Date last seen Typ exemplára
      Dar Obecná knižnica Horná Štubňa Obecná knižnica Horná Štubňa 22.01.2026   8088834597 22.01.2026 Krásna literatúra pre dospelých
Projekt je podporený Slovenskou asociáciou knižníc
Prevádzkuje Turčianska knižnica Martin 2026